[Event "Bad Griesbach Seniors op 3rd"]
[Site "Bad Griesbach"]
[Date "2000.11.24"]
[Round "6"]
[White "Schimmelpfennig, Hans"]
[Black "Niemeyer, Bruno"]
[Result "0-1"]
[WhiteElo "1756"]
[BlackElo "1627"]
[PlyCount "88"]
[EventDate "2000.11.19"]
[EventType "swiss"]
[EventRounds "7"]
[EventCountry "GER"]
[SourceTitle "EXT 2006"]
[Source "ChessBase"]
[SourceDate "2005.11.24"]
[SourceVersion "1"]
[SourceVersionDate "2005.11.24"]
[SourceQuality "1"]

1. e4 d6 2. d4 Nf6 3. f3 g6 4. Be3 Bg7 5. Qd2 a5 6. c4 0-0 7. Nc3 c6 8. Bd3 Na6 9. Rc1 Nc7 10. Nge2 Bd7 11. 0-0 e5 12. d5 c5 13. f4 Ng4 14. f5 Qh4 15. h3 Nxe3 16. Qxe3 Bh6 17. Qg3 Qxg3 18. Nxg3 Bxc1 19. Rxc1 f6 20. a4 Rf7 21. b3 Rg7 22. Kh2 Rf8 23. Rf1 Kf7 24. Be2 Ke7 25. Nh1 gxf5 26. exf5 Rfg8 27. g4 h5 28. Ng3 hxg4 29. Bxg4 Rxg4 30. hxg4 Rxg4 31. Nce4 Rh4+ 32. Kg2 Ne8 33. Nd2 Ng7 34. Rf2 Nh5 35. Ne2 e4 36. Nf1 Rg4+ 37. Kh3 Rg5 38. Ne3 Kf7 39. Rg2 Bxf5+ 40. Nxf5 Rxf5 41. Kh4 e3 42. Rg4 Rf2 43. Kxh5 Rxe2 44. Re4 Rh2+ 0-1

[Event "Bad Griesbach Seniors op 3rd"]
[Site "Bad Griesbach"]
[Date "2000.11.23"]
[Round "5"]
[White "Niemeyer, Bruno"]
[Black "Klimpel, Siegfried"]
[Result "1-0"]
[WhiteElo "1627"]
[BlackElo "1541"]
[PlyCount "75"]
[EventDate "2000.11.19"]
[EventType "swiss"]
[EventRounds "7"]
[EventCountry "GER"]
[SourceTitle "EXT 2006"]
[Source "ChessBase"]
[SourceDate "2005.11.24"]
[SourceVersion "1"]
[SourceVersionDate "2005.11.24"]
[SourceQuality "1"]

1. Nf3 f5 2. g3 Nf6 3. d3 e6 4. c4 c6 5. Nc3 Bb4 6. Bd2 Na6 7. a3 Ba5 8. Bg2 Bc7 9. b4 d5 10. cxd5 cxd5 11. Nb5 Bb8 12. 0-0 0-0 13. Qb3 Bd7 14. Nc3 Be8 15. Ng5 Qe7 16. e4 h6 17. Nxe6 Qxe6 18. exf5 Qxf5 19. Nxd5 Nxd5 20. Qxd5+ Qxd5 21. Bxd5+ Bf7 22. Bxb7 Be5 23. Rae1 Rad8 24. Bxa6 Bb2 25. Bc1 Bc3 26. Re7 Bh5 27. Bc4+ Kh8 28. Bf4 Rf5 29. Be6 Rff8 30. Rd7 Rde8 31. Bd5 Be2 32. Be4 Bxf1 33. Kxf1 Rf6 34. Be3 Ref8 35. Rxa7 Bd2 36. Bd4 Rxf2+ 37. Bxf2 Be3 38. Ra8 1-0

[Event "Bayern-ch Seniors 10th"]
[Site "Schloss Schney"]
[Date "1998.??.??"]
[Round "9"]
[White "Manfeldt, Alfred"]
[Black "Niemeyer, Bruno"]
[Result "1/2-1/2"]
[WhiteElo "1780"]
[BlackElo "1615"]
[PlyCount "62"]
[EventDate "1998.07.03"]
[EventType "swiss"]
[EventRounds "9"]
[EventCountry "GER"]
[SourceTitle "EXT 2006"]
[Source "ChessBase"]
[SourceDate "2005.11.24"]
[SourceVersion "1"]
[SourceVersionDate "2005.11.24"]
[SourceQuality "1"]

1. d4 Nf6 2. Nf3 d6 3. Bg5 g6 4. Nbd2 Bg7 5. e4 0-0 6. Bd3 h6 7. Be3 Ng4 8. Bf4 e5 9. dxe5 Nxe5 10. Nxe5 dxe5 11. Be3 Kh7 12. Qe2 Nc6 13. c3 f5 14. exf5 Bxf5 15. Be4 Bxe4 16. Nxe4 Qd5 17. Qc2 b6 18. 0-0 Qe6 19. Ng3 Ne7 20. c4 c5 21. Rad1 Rad8 22. Qa4 a5 23. Qc2 Nc6 24. b3 Qg4 25. Qe2 Qxe2 26. Nxe2 Nd4 27. Nc3 Nf5 28. Nd5 Rd6 29. Rfe1 Rfd8 30. Bc1 R8d7 31. Bb2 Nd4 1/2-1/2